| 000 | 00649nam a2200157 a 4500 | ||
|---|---|---|---|
| 008 | 120416s1970 ||||||||||||||||| || u | ||
| 050 | _aHF 5549.5 Den | ||
| 100 | _aDenny, Elizabeth | ||
| 245 | 1 | 0 | _aRetail staff training |
| 246 | _aDenny Elizabeth | ||
| 260 |
_aEstover, Plymouth _bMacdonald and Evans _c1970 |
||
| 300 | _a303p. | ||
| 350 | _a0.00 | ||
| 995 |
_aBINDERY (DAMAGED) _D0.00 _e006394 _FCBU-MAIN LIBRARY (Kitwe) _H2 _I0.00 _jHF 5549.5 Den _UDAMAGED _y006394 _ZMain Library Open Access Collection |
||
| 995 |
_aBINDERY (DAMAGED) _D0.00 _e006393 _FCBU-MAIN LIBRARY (Kitwe) _H1 _I0.00 _jHF 5549.5 Den _UDAMAGED _y006393 _ZMain Library Open Access Collection |
||
| 999 |
_c80201 _d80201 |
||